[Event "GER-chT North U14 Girls"]
[Site "Guestrow"]
[Date "2012.09.08"]
[Round "3.3"]
[White "Ruiz, Lisa"]
[Black "Kusanowa, Maria"]
[Result "1-0"]
[WhiteElo "1315"]
[BlackElo "1078"]
[PlyCount "115"]
[EventDate "2012.09.07"]
[EventType "team-swiss"]
[EventRounds "5"]
[EventCountry "GER"]
[SourceTitle "EXT 2015"]
[Source "ChessBase"]
[SourceDate "2014.11.20"]
[SourceVersion "1"]
[SourceVersionDate "2014.11.20"]
[SourceQuality "1"]
[WhiteTeam "Harksheide"]
[BlackTeam "Luebeck"]
[WhiteTeamCountry "GER"]
[BlackTeamCountry "GER"]

1. e4 e5 2. Nf3 Nc6 3. Bc4 Nf6 4. d3 h6 5. 0-0 Bc5 6. c3 d6 7. a4 0-0 8. b4 Bxb4 9. cxb4 Nxb4 10. Ba3 Nc6 11. Qc2 Bg4 12. Nbd2 Re8 13. Rab1 Rb8 14. Bb5 a6 15. Bxc6 bxc6 16. Qxc6 a5 17. Rb7 Rxb7 18. Qxb7 Bc8 19. Qb5 c5 20. Nc4 Bd7 21. Qb3 Be6 22. Qc3 Bxc4 23. Qxc4 Qc7 24. d4 exd4 25. Re1 Nxe4 26. Nxd4 Kh7 27. Qc2 Qb7 28. Nb5 Qc6 29. f3 f5 30. fxe4 fxe4 31. Qf2 e3 32. Rxe3 Rxe3 33. Qxe3 Qd5 34. Qc1 Qc6 35. Qc4 h5 36. Qf7 d5 37. Qxh5+ Kg8 38. Nc3 Qe6 39. Qxd5 Qxd5 40. Nxd5 c4 41. Kf2 Kf7 42. Ke3 Ke6 43. Nf4+ Ke5 44. Bb2+ Kd6 45. Bxg7 Kc5 46. Bf8+ Kc6 47. h4 Kd7 48. g4 Ke8 49. Ba3 Kf7 50. h5 Kf6 51. Nd5+ Kg5 52. Kf3 Kh4 53. Be7+ Kh3 54. h6 c3 55. Nxc3 Kh2 56. h7 Kg1 57. h8Q Kf1 58. Qh1# 1-0

[Event "GER-chT U14 Girls"]
[Site "Arendsee"]
[Date "2011.12.27"]
[Round "1.3"]
[White "Kusanowa, Maria"]
[Black "Boese, Christina"]
[Result "0-1"]
[WhiteElo "890"]
[BlackElo "1112"]
[PlyCount "100"]
[EventDate "2011.12.27"]
[EventType "team-swiss"]
[EventRounds "7"]
[EventCountry "GER"]
[SourceTitle "EXT 2022"]
[Source "ChessBase"]
[SourceDate "2021.10.06"]
[SourceVersion "1"]
[SourceVersionDate "2021.10.06"]
[SourceQuality "1"]
[WhiteTeam "Luebeck SV U14 Girls"]
[BlackTeam "Bechhofen U14 Girls"]
[WhiteTeamCountry "GER"]
[BlackTeamCountry "GER"]

1. e4 e5 2. Nf3 Nc6 3. Nc3 Nf6 4. Bc4 Nxe4 5. d3 Nxc3 6. bxc3 d6 7. 0-0 Bg4 8. Ba3 d5 9. Bxf8 Rxf8 10. Bb5 Qf6 11. Rb1 e4 12. dxe4 dxe4 13. Bxc6+ Qxc6 14. Nd4 Bxd1 15. Nxc6 Bxc2 16. Rb2 bxc6 17. Rxc2 0-0-0 18. h3 Rd6 19. Re1 f5 20. c4 Rfd8 21. Rcc1 Rd2 22. a3 R8d3 23. a4 Ra3 24. Rb1 Rxa4 25. Rb3 Rxc4 26. Reb1 Kd7 27. Ra3 f4 28. Rxa7 e3 29. fxe3 fxe3 30. Kf1 Rf4+ 31. Ke1 Rxg2 32. Rd1+ Ke6 33. Rxc7 Rg1+ 34. Ke2 Rxd1 35. Kxd1 Kd5 36. Rd7+ Ke4 37. Rxg7 Kf3 38. Ke1 Rd4 39. Rf7+ Rf4 40. Rxh7 c5 41. Rc7 c4 42. Rc6 e2 43. Ra6 c3 44. Ra3 Rc4 45. h4 Ke4 46. Kxe2 c2 47. Kd2 c1Q+ 48. Ke2 Qxa3 49. h5 Rc2+ 50. Kd1 Qc1# 0-1